000 00556nam a2200181 i 4500
001 41421
003 ES-MaACL
005 20250814045706.0
007 t|
008 030310s1943 sp ||||1| spa d
100 1 _aCasajús Rueda, Victoriano.
_936041
245 1 0 _aMecánica teórica y práctica.
260 _aMadrid :
_bNaval,
_c1943 (
_eCádiz :
_fTipografía de la Escuela Naval Militar)
300 _aX, 639 p. :
_bil. ;
_c21 cm.
650 0 7 _aMecánica
_2embne
_914869
852 _aES-MaACL
_jF-16317
_bR.21357
999 _c41421
_d41421